Die Bibel oder die ganze Heilege Schrift des Ulten and Neuen Testaments nach der deutschen Übersebung Martin Luther / (Record no. 50120)
[ view plain ]
| 000 -LEADER | |
|---|---|
| fixed length control field | 00614nam a2200181 4500 |
| 008 - FIXED-LENGTH DATA ELEMENTS--GENERAL INFORMATION | |
| fixed length control field | 020909s1907 -ge ger |
| 090 #0 - LOCALLY ASSIGNED LC-TYPE CALL NUMBER (OCLC); LOCAL CALL NUMBER (OCLC) | |
| Classification number (OCLC) (R) ; Classification number, CALL (RLIN) (NR) | BS239 |
| Local cutter number (OCLC) ; Book number/undivided call number, CALL (RLIN) | B47l |
| -- | 1907 |
| 110 2# - MAIN ENTRY--CORPORATE NAME | |
| Corporate name or jurisdiction name as entry element | Bible. German. Luther. 1967 |
| 245 10 - TITLE STATEMENT | |
| Title | Die Bibel oder die ganze Heilege Schrift des Ulten and Neuen Testaments nach der deutschen Übersebung Martin Luther / |
| Statement of responsibility, etc | . |
| 260 ## - PUBLICATION, DISTRIBUTION, ETC. (IMPRINT) | |
| Place of publication, distribution, etc | Boston, Ma : |
| Name of publisher, distributor, etc | Massachussetts Bible Society, |
| Date of publication, distribution, etc | c1967. |
| 300 ## - PHYSICAL DESCRIPTION | |
| Extent | 1128 p. ; |
| Dimensions | 20 cm |
| 336 ## - CONTENT TYPE | |
| Content Type Term | text |
| 337 ## - MEDIA TYPE | |
| Media Type Term | unmediated |
| 338 ## - CARRIER TYPE | |
| Carrier Type Term | volume |
| 500 ## - GENERAL NOTE | |
| General note | On cover page : Die Hielige Schrift. |
| 650 #4 - SUBJECT ADDED ENTRY--TOPICAL TERM | |
| Topical term or geographic name as entry element | Bible. German |
| General subdivision | Version. |
| 942 ## - ADDED ENTRY ELEMENTS (KOHA) | |
| Source of classification or shelving scheme | Library of Congress Classification |
| Item type | Books |
| Withdrawn status | Lost status | Source of classification or shelving scheme | Damaged status | Not for loan | Home library | Current library | Shelving location | Date acquired | Source of acquisition | Inventory number | Total Checkouts | Full call number | Barcode | Date last seen | Price effective from | Koha item type |
|---|---|---|---|---|---|---|---|---|---|---|---|---|---|---|---|---|
| Library of Congress Classification | BSOP Library | BSOP Library | Reference | 08/25/2021 | Donation by Drs. George and Anne Harper | 46749 | BS239 B47l 1967 | 00057856 | 08/25/2021 | 08/25/2021 | Books |
